005850000a2200133000450024502480000065000100024865000280025865000280028665000160031465100130033004100140034311000440035726000500040110aDecreto N° 1401 del 27 de mayo de 1997spor el cual se designa la autoridad administrativa de Colombia ante la Convención sobre el Comercio Internacional de Especies Amenazadas de Fauna y Flora Silvestre -CITES y se determinan sus funciones14aCITES14aLegislación ambiental14aPolíticas ambientales14aBiocomercio 4pColombia0 aEspañol1 lColombiaaMinisterio del Medio Ambiente aBogotábMinisterio del Medio Ambientec1997